| 000 | 01094nas a2200349 4500 | ||
|---|---|---|---|
| 001 | BR2014000366 | ||
| 003 | BR-BrBNA | ||
| 005 | 20231205123610.0 | ||
| 007 | ta | ||
| 008 | 230509b bl.|||p| |||| 00| 00por d | ||
| 040 |
_aBR-BrBNA _bpor _cBiblioteca Nacional de Agricultura |
||
| 041 | _a(Pt) | ||
| 072 | _aT01 | ||
| 100 | 1 | _aProcópio, S. de O. | |
| 100 | 1 | _aCarmo, M.L. do | |
| 100 | 1 | _aPires, F.R. | |
| 100 | 1 | _aCargnelutti Filho, A. | |
| 100 | 1 | _aBraz, G..P. | |
| 100 | 1 | _aSilva, W.F.P. | |
| 100 | 1 | _aBarroso, A.L. de L. | |
| 100 | 1 | _aSilva, G.P. | |
| 100 | 1 | _aCarmo, E.L. do | |
| 100 | 1 | _aBraz, A.J.B.P. | |
| 245 | 1 | _aFitorremediação de solo contaminado com picloram por capim-pé-de-galinha-gigante (Eleusine coracana) | |
| 650 | _aSOLO | ||
| 650 | _aCONTAMINAÇÃO | ||
| 650 | _aHERBICIDA | ||
| 773 | 0 |
_tRevista Brasileira de Ciência do Solo (Brazil) _xISSN 0100-0683 _g(Nov-Dec 2008), v. 32(6) p. 2517-2524 _wBR2014000366 |
|
| 856 | 4 | 0 | _uhttp://www.scielo.br/pdf/rbcs/v32n6/v32n6a28.pdf |
| 909 |
_a202311 _bLúcia _c55 _dLúcia Elande |
||
| 942 |
_2AGRIS _n0 _cANA |
||
| 999 |
_c234713 _d234713 |
||